Glee Trivia Quiz Stats

 Plays Quiz not verified by Sporcle

Support Sporcle.
Go Orange.
Score 0/10 Timer 01:00
0 Plays Today
Question Answer Wrong Answers
What is Quinn's surname? Fabray
100%
Berry
0%
Lopez
0%
Pierce
0%
What song does the glee club perform in wheelchairs? Proud Mary
99.4%
Forget You
0.6%
Don't Stop Believin'
0%
Valerie
0%
What does Mr. Shue teach? Spanish
97.5%
Maths
0%
Italian
0.6%
History
1.9%
How did Artie become paralyzed? Car Crash
96.9%
School Bullying
1.2%
Fell Over
0.6%
Where does Will's ex-wife work? Sheets and Things
96.3%
Bed Bath and Beyond
1.9%
Dollar Tree
0%
Ross
0.6%
Who does Quinn get invited to move in with? Mercedes
90.1%
Rachel
1.2%
Santana
1.2%
Kurt
1.2%
What does Brittany think a ballad is? A male duck
88.8%
A song
1.2%
A pen
3.7%
A person
2.5%
What club does Rachel join to impress Finn? Celibacy Club
88.8%
She didn't join any club
4.3%
Glee Club
5%
Coding Club
0.6%
Who plays the angels in Rachel's Run Joey Run video? Santana and Brittany
75.2%
Kurt and Mercedes
7.5%
Santana and Mercedes
3.1%
Tina and Brittany
10.6%
Who describes themselves as Tinkerbell? Rachel
67.1%
Brittany
12.4%
Kurt
8.7%
Tina
2.5%

You're not logged in!

Compare scores with friends on all Sporcle quizzes.
OR
Log In

From the Vault

World Bodies of Water

by davidr

It's kind of like the opposite of the countries of the world quiz.
Remove Ads.
Support Sporcle.
Get the best of Sporcle when you Go Orange. This ad-free experience offers more features, more stats, and more fun while also helping to support Sporcle. Thank you for becoming a member.

Show Comments

Extras

Created Feb 18, 2020ReportNominate
Tags:Glee, Trivia

Top Quizzes Today


Score Distribution

Your Account Isn't Verified!

In order to create a playlist on Sporcle, you need to verify the email address you used during registration. Go to your Sporcle Settings to finish the process.

Report this User

Report this user for behavior that violates our Community Guidelines.

Details: